|
|
|
|
| LEADER |
00000nam0a2200000 4500 |
| 001 |
129457 |
| 005 |
20231101220158.0 |
| 010 |
|
|
|a 5280014249
|
| 020 |
|
|
|a RU
|b 93-18721
|
| 035 |
|
|
|a (RuTPU)RU\TPU\book\140120
|
| 090 |
|
|
|a 129457
|
| 100 |
|
|
|a 20080124d1993 m y0rusy5003 ca
|
| 101 |
1 |
|
|a rus
|c pol
|
| 102 |
|
|
|a RU
|
| 105 |
|
|
|a y z 000ay
|
| 200 |
1 |
|
|a Крестоносцы
|e Роман
|f Г. Сенкевич
|g пер.с пол. Е. Егорова ; примеч. Б. Стахеев
|
| 210 |
|
|
|a Москва
|c Художественная литература
|d 1993
|
| 215 |
|
|
|a 556,[2] с.
|d 22 см
|
| 606 |
1 |
|
|a Польская литература
|2 stltpush
|3 (RuTPU)RU\TPU\subj\50785
|9 69434
|
| 610 |
1 |
|
|a Польша
|
| 610 |
1 |
|
|a исторические романы
|
| 610 |
1 |
|
|a 14 век
|
| 610 |
1 |
|
|a 15 век
|
| 610 |
1 |
|
|a Грюнвальдская битва
|
| 675 |
|
|
|a 884
|z rus
|v 3
|
| 700 |
|
1 |
|a Сенкевич
|b Г.
|c польский писатель
|c Нобелевский лауреат
|f 1846-1916
|g Генрик
|2 stltpush
|3 (RuTPU)RU\TPU\pers\21401
|9 9000
|
| 702 |
|
1 |
|a Егорова
|b Е.
|4 730
|
| 702 |
|
1 |
|a Стахеев
|b Б.
|4 220
|
| 801 |
|
0 |
|a RU
|b RuMRKP
|c 19950413
|g psbo
|
| 801 |
|
1 |
|a RU
|b 63413507
|c 20080124
|g PSBO
|
| 801 |
|
2 |
|a RU
|b 63413507
|c 20160411
|g PSBO
|
| 942 |
|
|
|c BK
|